| 000 | 01460nam a2200301 a 4500 | ||
|---|---|---|---|
| 001 | 2018371 | ||
| 003 | AM-YEHGA | ||
| 005 | 20250714093158.0 | ||
| 008 | 250513s1875 tu |||gr|||||00||1|arm|d | ||
| 040 | _aAM-YEHGA | ||
| 041 | 1 | _aarm | |
| 100 | 1 |
_aԱշար, Ամեդէ, _d1814-1875 |
|
| 245 | 1 | 0 |
_aՀետվիճի երդումը / _cԱ. Աշար ; Թարգմանեց Գ. Մսերեան ; Տէր եւ հրատարակիչ Տիգրան Յարութիւն Տէտէեան. |
| 260 |
_aԶմիւռնիա : _bՏպագրութիւն Տէտէեան, _c1875. |
||
| 300 | _a(3 գիրք մեկ կազմի մեջ) ; 92 էջ | ||
| 500 | _aՇարվածքը՝ 15x10 սմ։ | ||
| 501 | _aՄեկ կազմի մեջ՝ Լէօն Լէօնի / Ժ. Սան ։ Զմիւռնիա : Տպագրութիւն Տէտէեան ։ 1875 ; Աղքատ երիտասարդի մը վէպը / Օ. Ֆէօյէ ։ Զմիւռնիա : Տպագրութիւն Տէտէեան ։ 1873․ | ||
| 650 | 1 | 4 |
_aՖրանսիական գրականություն _94810 |
| 651 | 0 | 4 |
_aԻզմիր _95978 |
| 651 | 0 | 4 | _aԹուրքիա |
| 700 | 1 |
_aՄսերեան, Գրիգոր, _d1846-1893 _eթարգմ. _4trl _96165 |
|
| 700 | 1 |
_aՍանդ, Ժորժ, _d1804-1876 _96723 |
|
| 700 | 1 |
_aՏէտէեան, Տիգրան Յարութիւն, _d1832-1868 _eհրատ. _4pbl _93983 |
|
| 700 | 1 | _aՖէօյէ, Օկտավ | |
| 740 | 0 | 2 | _aԼէօն Լէօնի |
| 740 | 0 | 2 | _aԱղքատ երիտասարդի մը վէպը |
| 942 |
_2udc _cBK |
||
| 999 |
_c534829 _d534829 |
||